000
00290nam a22001337a 4500
008
181008b xxu||||| |||| 00| 0 eng d
020
_a
069102281
041
_a
eng
080
_a
101
100
_a
24
101
_a
FIL
245
_a
Conquest of Violence
_c
Bondurant, J.V
942
_2
udc
_c
BK
999
_c
49073
_d
49073